header

Quantitative chemical analysis / (Record no. 250643)

MARC details
000 -LEADER
fixed length control field 02552fam a2200313 a 4500
001 - CONTROL NUMBER
control field 2248620
003 - CONTROL NUMBER IDENTIFIER
control field OSt
005 - DATE AND TIME OF LATEST TRANSACTION
control field 20151014120558.0
008 - FIXED-LENGTH DATA ELEMENTS--GENERAL INFORMATION
fixed length control field 971202s1999 nyuaf b 001 0 eng
010 ## - LIBRARY OF CONGRESS CONTROL NUMBER
LC control number 97048837
020 ## - INTERNATIONAL STANDARD BOOK NUMBER
International Standard Book Number 0716728818
035 ## - SYSTEM CONTROL NUMBER
System control number (OCoLC)38073335
System control number (OCoLC)ocm38073335
System control number (NNC)2248620
040 ## - CATALOGING SOURCE
Original cataloging agency DLC
Transcribing agency DLC
Modifying agency DLC
-- NNC
-- OrLoB-B
050 00 - LIBRARY OF CONGRESS CALL NUMBER
Classification number QD101.2
Item number .H37 1999
082 00 - DEWEY DECIMAL CLASSIFICATION NUMBER
Classification number 545
Edition number 21
100 1# - MAIN ENTRY--PERSONAL NAME
Personal name Harris, Daniel C.,
Dates associated with a name 1948-
245 10 - TITLE STATEMENT
Title Quantitative chemical analysis /
Statement of responsibility, etc Daniel C. Harris.
250 ## - EDITION STATEMENT
Edition statement 5th ed.
260 ## - PUBLICATION, DISTRIBUTION, ETC. (IMPRINT)
Place of publication, distribution, etc New York :
Name of publisher, distributor, etc W.H. Freeman,
Date of publication, distribution, etc 1999.
300 ## - PHYSICAL DESCRIPTION
Extent xix, 899, 42, 34, 126 p., [12] p. of plates :
Other physical details ill. (some col.) ;
Dimensions 26 cm. +
Accompanying material 1 computer laser optical disc (4 3/4 in.)
500 ## - GENERAL NOTE
General note Includes bibliographical references and index.
505 00 - FORMATTED CONTENTS NOTE
Miscellaneous information Ch. 0.
Title The Analytical Process --
Miscellaneous information Ch. 1.
Title Measurements --
Miscellaneous information Ch. 2.
Title Tools of the Trade --
Miscellaneous information Ch. 3.
Title Experimental Error --
Miscellaneous information Ch. 4.
Title Statistics and Spreadsheets --
Miscellaneous information Ch. 5.
Title Calibration Methods --
Miscellaneous information Ch. 6.
Title Chemical Equilibrium --
Miscellaneous information Ch. 7.
Title Let the Titrations Begin --
Miscellaneous information Ch. 8.
Title Activity --
Miscellaneous information Ch. 9.
Title Systematic Treatment of Equilibrium --
Miscellaneous information Ch. 10.
Title Monoprotic Acid-Base Equilibria --
Miscellaneous information Ch. 11.
Title Polyprotic Acid-Base Equilibria --
Miscellaneous information Ch. 12.
Title Acid-Base Titrations --
Miscellaneous information Ch. 13.
Title EDTA Titrations --
Miscellaneous information Ch. 14.
Title Fundamentals of Electrochemistry --
Miscellaneous information Ch. 15.
Title Electrodes and Potentiometry --
Miscellaneous information Ch. 16.
Title Redox Titrations --
Miscellaneous information Ch. 17.
Title Electrogravimetric and Coulometric Analyses --
Miscellaneous information Ch. 18.
Title Voltammetry --
Miscellaneous information Ch. 19.
Title Fundamentals of Spectrophotometry --
Miscellaneous information Ch. 20.
Title Applications of Spectrophotometry --
Miscellaneous information Ch. 21.
Title Spectrophotometers --
Miscellaneous information Ch. 22.
Title Atomic Spectroscopy --
Miscellaneous information Ch. 23.
Title Introduction to Analytical Separations --
Miscellaneous information Ch. 24.
Title Gas Chromatography --
Miscellaneous information Ch. 25.
Title High-Performance Liquid Chromatography --
Miscellaneous information Ch. 26.
Title Chromatographic Methods and Capillary Electrophoresis --
Miscellaneous information Ch. 27.
Title Gravimetric and Combustion Analysis --
Miscellaneous information Ch. 28.
Title Sample Preparation --
Miscellaneous information Ch. 29.
Title Experiments --
Miscellaneous information App. A.
Title Logarithms and Exponents --
Miscellaneous information App. B.
Title Graphs of Straight Lines --
Miscellaneous information App. C.
Title Propagation of Uncertainty --
Miscellaneous information App. D.
Title Oxidation Numbers and Balancing Redox Equations --
Miscellaneous information App. E.
Title Normality --
Miscellaneous information App. F.
Title Solubility Products --
Miscellaneous information App. G.
Title Acid Dissociation Constants --
Miscellaneous information App. H.
Title Standard Reduction Potentials --
Miscellaneous information App. I.
Title Stepwise Formation Constants --
Miscellaneous information App. J.
Title Logarithm of the Formation Constant for the Reaction [actual symbol not reproducible].
650 #0 - SUBJECT ADDED ENTRY--TOPICAL TERM
Topical term or geographic name as entry element Chemistry, Analytic
General subdivision Quantitative.
900 ## - EQUIVALENCE OR CROSS-REFERENCE-PERSONAL NAME [LOCAL, CANADA]
Numeration TOC
942 ## - ADDED ENTRY ELEMENTS (KOHA)
Source of classification or shelving scheme Library of Congress Classification
Koha item type Long Loan Books
Holdings
Withdrawn status Lost status Source of classification or shelving scheme Damaged status Not for loan Home library Current library Shelving location Date acquired Total Checkouts Full call number Barcode Date last seen Date checked out Price effective from Koha item type
    Library of Congress Classification     Rongo University Library Rongo University Library General Stacks 14/10/2015 10 QD101.2 .H37 1999 20091790 23/11/2019 08/11/2019 14/10/2015 Long Loan Books

© 2026 Rongo University
Contact us: librarian | system librarian | Rongo university